00636nam a2200157 a 450000100100000000500170001000800410002702000180006804000250008624500480011126000420015930000440020195201110024595201050035699900170046100004416220201002045204.0140603s2009 dr acd 000 0 spa d a9789945171815 aDO-SdBNPbspacBNPHU00aCiencias sociales 1 :beducación media /. aSanto Domingo :bEdiciones SM,c2009. a277 p. :bil., gráf., mapas ;c29 cm. 0010718PDaPDbPDcCTd2014-06-03iLF1l0o p44162-10r2020-06-25te. 2w2020-06-25yLFPDZNo se presta 0010718PDaPDbPDcCTd2014-06-03iLF1l0o p44162-20r2020-06-25w2020-06-25yLFPDZNo se presta c43651d43651